000 00804nam a22002057a 4500
003 JO-AjAnu
005 20231202120717.0
008 231202b jo ||||| |||| 00| 0 ara d
040 _aJO-AjAnu
_bARA
_cJO-AjAnu
041 _aARA
050 _aHF5667
_aQ23
_a2010
100 _a القاضي، حسين يوسف
_927497
_e[مؤلف]
245 0 0 _aتدقيق الحسابات، الجزء الثاني /
_cحسين يوسف القاضي، حسين احمد دحدوح، عصام نعمة قريط
260 _aدمشق :
_bجامعة دمشق،
_c2010
300 _a570صفحة
650 0 _aالحسابات- تدقيق
_964585
700 1 _aدحدوح، حسين احمد
_964575
_e[مؤلف مشارك]
700 1 _aقريط، عصام نعمة
_964590
_e[مؤلف مشارك]
942 _2lcc
_cBK
_n0
999 _c33218
_d33218